000
00274 a2200145 4500
001
160437
020
_a
040
_c
Magnum
100
_a
-
240
1
0
_a
Topo, o minerador
_l
por
245
1
0
_a
Topo, o minerador
362
0
_a
1899
697
_a
I/ANIMAIS
942
_c
BK
999
_c
160437
_d
160437